Effect Of Different Level Of 15.15.15 NPK-Fertilizers On Bitter Egg Plant In Royal University Of Agriculture Condition, ឥទ្ធិពលកម្រិតជីកែង (១៥.១៥.១៥) ខុសៗគ្នាលើដំណាំត្រប់ស្រួយ ដាំដុះក្នុងលក្ខខណ្ឌសាកលវិទ្យាល័យភូមិន្ទកសិកម្ម (Record no. 25314)
[ view plain ]
| 000 -LEADER | |
|---|---|
| fixed length control field | 00693nam a22001217a 4500 |
| 040 ## - CATALOGING SOURCE | |
| Transcribing agency | RUA |
| 082 ## - DEWEY DECIMAL CLASSIFICATION NUMBER | |
| Classification number | AGR SIE 2024 B542 Or.1 |
| 100 ## - MAIN ENTRY--AUTHOR NAME | |
| Personal name | SIEN SOKHOUR, សៀន សុខហួរ |
| 245 ## - TITLE STATEMENT | |
| Title | Effect Of Different Level Of 15.15.15 NPK-Fertilizers On Bitter Egg Plant In Royal University Of Agriculture Condition, ឥទ្ធិពលកម្រិតជីកែង (១៥.១៥.១៥) ខុសៗគ្នាលើដំណាំត្រប់ស្រួយ ដាំដុះក្នុងលក្ខខណ្ឌសាកលវិទ្យាល័យភូមិន្ទកសិកម្ម |
| 260 ## - PUBLICATION, DISTRIBUTION, ETC. (IMPRINT) | |
| Place of publication | PHNOM PENH |
| Name of publisher | RUA |
| Year of publication | 2024 |
| 300 ## - PHYSICAL DESCRIPTION | |
| Number of Pages | ix, |
| Other physical details | ill, |
| Dimensions | 29cm, |
| 942 ## - ADDED ENTRY ELEMENTS (KOHA) | |
| Koha item type | AGR |
| 952 ## - LOCATION AND ITEM INFORMATION (KOHA) | |
| Withdrawn status [LOCAL, KOHA] | 0 |
| 952 ## - LOCATION AND ITEM INFORMATION (KOHA) | |
| Withdrawn status [LOCAL, KOHA] | 0 |
| Permanent Location | Date acquired | Koha item type | Lost status | Shelving location | Barcode | Current Location | Full call number |
|---|---|---|---|---|---|---|---|
| Library Block B | 2025-06-20 | AGR | B542 | A083917 | Library Block B | AGR SIE 2024 B542 Or.1 | |
| Library Block B | 2025-06-20 | AGR | B542 | A083927 | Library Block B | AGR SIE 2024 B542 Or.2 |